[Event "57th ch-Montenegro"]
[Site "Cetinje SCG"]
[Date "2005.07.14"]
[Round "7"]
[White "Ivanovic,B"]
[Black "Kontic,D"]
[Result "1/2-1/2"]
[WhiteElo "2438"]
[BlackElo "2340"]

1.e4 c5 2.Nf3 e6 3.d4 cxd4 4.Nxd4 a6 5.Nc3 Qc7 6.g3 h5 7.Bg2 Nc6 8.O-O h4
9.Nxc6 dxc6 10.Be3 Nf6 11.Na4 Nd7 12.c4 b5 13.Nc3 b4 14.Na4 c5 15.a3 a5 16.Bf4 e5
17.Be3 Bb7 18.axb4 axb4 19.b3 Be7 20.Qe2 Nf8 21.f4 hxg3 22.hxg3 Ne6 23.f5 Nd4
24.Bxd4 exd4 25.e5 O-O-O 26.Bxb7+ Qxb7 27.Qf3 Rh3 28.f6 Qxf3 29.Rxf3 Rdh8
30.Raf1 gxf6 31.exf6 Bd6 32.Rd3 Rh1+ 33.Kf2 R8h2+ 34.Ke1 Rxf1+ 35.Kxf1 Kc7
36.Kg1 Rh6 37.Rf3 Rg6 38.Kf2 Kc6 39.Nb2 Kd7 40.Nd3 Ke6 41.Kg2 Rxf6 42.Rxf6+ Kxf6
43.Kf3 Kf5 44.Nf2 Be7 45.Nd3 Bf8 46.Nf2 Bd6 47.Nd3 Ke6 48.Nf2 Ke5 49.Nd3+ Kf5
50.Nf2  1/2-1/2

[Event "ch-Paris Open"]
[Site "Paris FRA"]
[Date "2005.07.14"]
[Round "6"]
[White "Perez,Rod"]
[Black "Landa,K"]
[Result "1/2-1/2"]
[WhiteElo "2442"]
[BlackElo "2609"]

1.e4 c5 2.Nf3 e6 3.d4 cxd4 4.Nxd4 a6 5.Nc3 b5 6.Bd3 Qb6 7.Be3 Bc5 8.Be2 Nc6
9.Nxc6 dxc6 10.Bxc5 Qxc5 11.Qd3 Nf6 12.O-O-O O-O 13.f4 e5 14.f5 a5 15.g4 a4
16.g5 Nd7 17.a3 b4 18.axb4 Qxb4 19.Qd6 Nc5 20.Qxe5 a3 21.b3 a2 22.Kb2 Ra5
23.Qc7 Qa3+ 24.Ka1 Qb4 25.Kb2 Qa3+ 26.Ka1 Qb4  1/2-1/2

[Event "ch-Paris Open"]
[Site "Paris FRA"]
[Date "2005.07.14"]
[Round "6"]
[White "Zaragatski,I"]
[Black "Moradiabadi,E"]
[Result "0-1"]
[WhiteElo "2389"]
[BlackElo "2485"]

1.e4 c5 2.Nf3 e6 3.d4 cxd4 4.Nxd4 a6 5.Nc3 Qc7 6.Bd3 b5 7.O-O Bb7 8.Re1 Nf6
9.e5 Nd5 10.Nxd5 Bxd5 11.Qg4 Nc6 12.Nxc6 Qxc6 13.Bd2 Qb7 14.b4 Bc6 15.c4 bxc4
16.Bxc4 g6 17.Rab1 h5 18.Qh3 Bg7 19.Bg5 O-O 20.Bf6 Be4 21.Rb3 Rac8 22.Be2 Rc2
23.Qh4 Rfc8 24.Qg5 Qd5 25.Bxh5 Bxf6 26.Qxf6 Rc1 27.Re3 Qd2  0-1

[Event "Andorra Open"]
[Site "Andorra la Vella AND"]
[Date "2005.07.15"]
[Round "7"]
[White "Arizmendi Martinez,J"]
[Black "Oms Pallise,J"]
[Result "1/2-1/2"]
[WhiteElo "2504"]
[BlackElo "2476"]

1.e4 c5 2.Nf3 e6 3.d4 cxd4 4.Nxd4 a6 5.Nc3 Qc7 6.Bd3 Bd6 7.Qd2 Nc6 8.Nxc6 dxc6
9.f4 e5 10.f5 Qe7 11.Qe2 Nf6 12.Bg5 h6 13.Bd2 Bc5 14.O-O-O b5 15.g4 Bb7 16.h4 O-O-O
17.g5 hxg5 18.hxg5 Nd7 19.Qg4 Kb8 20.Ne2 Bb6 21.Ng3 Nc5 22.Be2 Rxh1 23.Nxh1 Na4
24.Qg3 Qc5 25.Qf3 g6 26.Ng3 Qd4 27.c3 Qf2 28.b3 Qxf3 29.Bxf3 Nc5 30.Kc2 Nd3
31.Rh1 Bf2 32.Nf1 c5 33.Rh7 gxf5 34.Rxf7 Bxe4 35.Bxe4 fxe4 36.g6 c4 37.b4 e3
38.Bxe3 Ne1+ 39.Kc1 Nd3+ 40.Kc2 Ne1+ 41.Kb1 Rd1+ 42.Kb2 Nd3+ 43.Kc2 Rxf1
44.Bxf2 Nxf2 45.g7 Rg1 46.Rf8+ Kb7 47.g8=Q Rxg8 48.Rxg8 Kb6 49.Rg6+ Kb7 50.Re6 Nd3
51.Kd2 Ka7 52.Ke3 Kb7 53.Rh6 Ka7 54.Ke4 Kb7 55.Kd5 Nc1 56.Rh7+ Kb6 57.Rh6+ Kb7
58.a4 Ne2 59.Rh7+ Kb8 60.a5 Nxc3+ 61.Kc6 Na4 62.Rh8+ Ka7 63.Rh7+ Ka8 64.Re7 c3
65.Rxe5 Kb8 66.Re8+ Ka7 67.Re7+ Kb8 68.Re2 Ka8 69.Kc7 Ka7 70.Rc2 Ka8 71.Kc8 Ka7
72.Rh2 Nb2 73.Rh7+ Ka8 74.Rh6 Ka7 75.Rh7+ Ka8 76.Rh3 c2 77.Rc3 Nd3 78.Rxc2 Nxb4
79.Rc7 Nd3 80.Rc6 Ka7 81.Rc7+ Ka8 82.Rc6 Ka7 83.Re6 Nb2 84.Re1 Nc4 85.Ra1 Ka8
86.Kc7 Ka7 87.Ra2 Ka8 88.Rh2 Ka7 89.Ra2 Ka8 90.Kc6 Ka7 91.Kc5 Kb7 92.Ra1 Kb8
93.Rh1 Kb7 94.Rh7+ Ka8 95.Kc6 Kb8 96.Rg7 Ka8 97.Re7 Kb8 98.Re8+ Ka7 99.Re7+ Kb8  1/2-1/2

[Event "57th ch-Montenegro"]
[Site "Cetinje SCG"]
[Date "2005.07.16"]
[Round "9"]
[White "Krivokapic,M"]
[Black "Brajovic,R"]
[Result "1-0"]
[WhiteElo "2338"]
[BlackElo "2296"]

1.e4 c5 2.Nf3 e6 3.d4 cxd4 4.Nxd4 a6 5.Nc3 Qc7 6.Bd3 Bc5 7.Nb3 Be7 8.O-O b5
9.f4 b4 10.Ne2 Bb7 11.Ng3 d6 12.Be3 Nf6 13.c3 bxc3 14.Rc1 Nbd7 15.Rxc3 Qd8
16.h3 h5 17.Qc2 h4 18.Ne2 O-O 19.Ned4 Nc5 20.Nxc5 dxc5 21.Nb3 Nd7 22.Nxc5 Nxc5
23.Bxc5 Bxc5+ 24.Rxc5 Qd4+ 25.Kh2 Rfc8 26.Rxc8+ Rxc8 27.Qe2 Rd8 28.Bc2 Qxb2
29.Rb1 Qf6 30.Rxb7 Qxf4+ 31.Kg1 Rc8 32.Rd7 g6 33.Rd1 a5 34.a4 Qe5 35.Qf2 g5
36.Rd7 Rf8 37.Qd4 Qg3 38.Qd3 Qe5 39.Rd8 Rxd8 40.Qxd8+ Kg7 41.Qd3 Qc5+ 42.Kf1 Kf6
43.Ke2 Kg7 44.Kf3 Qe5 45.Ke2 f5 46.Kd2 Qf4+ 47.Kc3 Qc7+ 48.Kb2 f4 49.Qb5 Kf6
50.Bd1 Qd6 51.Qb3 e5 52.Bg4 Qd4+ 53.Ka2 Qxe4 54.Bf3 Qd4 55.Qc2 Ke7 56.Qc7+ Kf6
57.Qxa5 Qc4+ 58.Kb2 Qd4+ 59.Kb3  1-0

[Event "Politiken Cup"]
[Site "Copenhagen DEN"]
[Date "2005.07.16"]
[Round "1"]
[White "Mortensen,H"]
[Black "Hansen,SuB"]
[Result "0-1"]
[WhiteElo "2023"]
[BlackElo "2568"]

1.e4 c5 2.Nf3 e6 3.d4 cxd4 4.Nxd4 a6 5.Nc3 Qc7 6.Be3 Nf6 7.f3 Bb4 8.Qd2 d5
9.e5 Qxe5 10.O-O-O Qc7 11.Bf4 Qd8 12.g4 O-O 13.h4 Nbd7 14.Qh2 e5 15.Bxe5 Nxe5
16.Qxe5 Re8 17.Qf4 Bxc3 18.bxc3 Qa5 19.Kb2 Qb6+ 20.Kc1 Bd7 21.h5 Rec8 22.g5 Ne8
23.g6 Qf6 24.gxh7+ Kh8 25.Qd2 Rc5 26.Bh3 Bxh3 27.Rxh3 Rac8 28.f4 Nd6 29.Ne2 Nb5
30.Rd3 Nxc3 31.Nxc3 Rxc3 32.Rxc3 Rxc3 33.Qxd5 Qxf4+ 34.Rd2 Rf3 35.Kb2 Qb4+
36.Kc1 Qa3+ 37.Kb1 Kxh7 38.Qe4+ f5 39.Qd5 Qb4+ 40.Kc1 Qc3 41.Rd1 Rf2  0-1

[Event "ch-Paris Open"]
[Site "Paris FRA"]
[Date "2005.07.16"]
[Round "8"]
[White "Sriram,J"]
[Black "Spielmann,Al"]
[Result "1-0"]
[WhiteElo "2437"]
[BlackElo "2283"]

1.e4 c5 2.Nf3 e6 3.d4 cxd4 4.Nxd4 a6 5.Nc3 b5 6.Bd3 d6 7.O-O Nf6 8.Qe2 Be7
9.f4 Bb7 10.a3 Qc7 11.Bd2 Nbd7 12.Rae1 h5 13.Nf3 Rc8 14.e5 dxe5 15.fxe5 Ng4
16.Bf4 g5 17.Nxg5 Bxg5 18.Bxg5 Ndxe5 19.Bf4 Qb6+ 20.Kh1 Nxd3 21.cxd3 Rd8
22.Ne4 Qd4 23.Bg5 Rd5 24.Bf6 Nxf6 25.Nxf6+ Ke7 26.Nxd5+ Bxd5 27.Qf2 Qxf2
28.Rxf2 Rg8 29.Kg1 Kd6 30.Rc1 f5 31.Kf1 h4 32.Rcc2 Ke5 33.Rce2+ Kf6 34.Rf4 h3
35.gxh3 Rh8 36.a4 Rxh3 37.axb5 axb5 38.Rd2 e5 39.Rb4 Bc6 40.Rb3 Rh4 41.Rc3 Bf3
42.d4 Be4 43.dxe5+ Kxe5 44.Rc5+ Kf4 45.Rxb5 Rh8 46.Rf2+ Kg5 47.Rb3 f4 48.Re2 Bf5
49.Re5 Kf6 50.Rc5  1-0

[Event "Andorra Open"]
[Site "Andorra la Vella AND"]
[Date "2005.07.17"]
[Round "9"]
[White "Gallego Eraso,P"]
[Black "Comas Fabrego,L"]
[Result "1/2-1/2"]
[WhiteElo "2389"]
[BlackElo "2513"]

1.e4 c5 2.Nc3 e6 3.Nge2 a6 4.d4 cxd4 5.Nxd4 Qc7 6.a3 Nc6 7.Be2 Nf6 8.Be3 Be7
9.f4 d6 10.O-O O-O 11.Qe1 Nxd4 12.Bxd4 b5 13.Qg3 Bb7  1/2-1/2

[Event "Politiken Cup"]
[Site "Copenhagen DEN"]
[Date "2005.07.17"]
[Round "3"]
[White "Fredericia,L"]
[Black "Jakobsen,O"]
[Result "0-1"]
[WhiteElo "2121"]
[BlackElo "2385"]

1.e4 c5 2.Nf3 a6 3.Nc3 e6 4.d4 cxd4 5.Nxd4 Qc7 6.Bd3 Nc6 7.Be3 b5 8.Nxc6 Qxc6
9.O-O Bb7 10.Kh1 Nf6 11.f3 Bc5 12.Qe1 d6 13.a4 b4 14.Nd5 Bxe3 15.Nxe3 Qc5
16.a5 O-O 17.Nc4 Nd7 18.Qh4 Ne5 19.Nb6 Rad8 20.Qf2 f5 21.Qxc5 dxc5 22.exf5 exf5
23.Rfe1 Nxd3 24.cxd3 Rxd3 25.Rac1 Rfd8 26.Rxc5 Rd2 27.h3 Rd1 28.Rxd1 Rxd1+
29.Kh2 Rd2 30.Nc4 Rd4 31.Rc7 Bd5 32.Ne5 g6 33.Rd7 Rd1 34.Rd6 Bxf3 35.Rxa6 Be4
36.Nc4 Rc1 37.Nd2 Bc6 38.Rb6 Rc2 39.a6 Bd5 40.Rd6 Rxd2 41.a7 Rxg2+ 42.Kh1 Bf3
43.Rd3 Rxb2+ 44.Rxf3 Ra2 45.Rb3 Rxa7 46.Rxb4 Kf7  0-1

[Event "inAUTOmarket Open"]
[Site "Minsk BLR"]
[Date "2005.07.17"]
[Round "8"]
[White "Ivkina,O"]
[Black "Kim,Alex"]
[Result "0-1"]
[WhiteElo "2183"]
[BlackElo "2449"]

1.e4 c5 2.Nf3 e6 3.Nc3 a6 4.d4 cxd4 5.Nxd4 d6 6.Be2 Nf6 7.a4 Nc6 8.Nb3 b6
9.O-O Be7 10.f4 O-O 11.Bf3 Bb7 12.Qe1 Qc7 13.g4 Nd7 14.Be3 Rfe8 15.Qf2 Rab8
16.g5 Ba8 17.Qg2 Bf8 18.h4 Na5 19.Nd4 Nc4 20.Bc1 g6 21.Nd1 Bg7 22.c3 Nc5
23.Qc2 e5 24.fxe5 Nxe5 25.Bg2 Ned3 26.Be3 Bxe4 27.Bxe4 Rxe4 28.Nf3 Ne5 29.b4 Rg4+
30.Kf2 Ncd3+ 31.Ke2 Rg2+ 32.Nf2 Qc4  0-1

[Event "Politiken Cup"]
[Site "Copenhagen DEN"]
[Date "2005.07.18"]
[Round "4"]
[White "Nilsson,L"]
[Black "Petersen,PB"]
[Result "1-0"]
[WhiteElo "2031"]
[BlackElo "2186"]

1.e4 c5 2.Nf3 e6 3.Nc3 a6 4.d4 cxd4 5.Nxd4 Qc7 6.g3 b5 7.Bg2 Bb7 8.O-O d6
9.f4 Nf6 10.Re1 b4 11.Nb1 Nbd7 12.b3 Be7 13.Bb2 O-O 14.c4 Nc5 15.Qc2 Qb6
16.Kh1 Rfe8 17.Nd2 Bf8 18.e5 dxe5 19.fxe5 Ng4 20.N2f3 Nd3 21.Re2 Nxb2 22.Qxb2 Rad8
23.h3 Nh6 24.Rd2 Nf5 25.Nxf5 exf5 26.Rad1 Rxd2 27.Qxd2 Be4 28.Qd7 Re7 29.Qc8 Rc7
30.Qe8 Bc6 31.Qd8 Qb7 32.Ne1 Rc8 33.Qd2 Be4 34.Qf4 h6 35.h4 Bc5 36.Nf3 Re8
37.Kh2 Qb6 38.Qd2 Qc6 39.Qd7 Qa8 40.Rd5 Bxd5 41.cxd5 Rd8 42.Qxf5 Qxd5 43.Ng5 Qd7
44.Qh7+ Kf8 45.e6 Qd4 46.Qf5 Ke7 47.Qxf7+ Kd6 48.e7  1-0

[Event "BUL-TUR Friendly Match"]
[Site "Svilengrad BUL"]
[Date "2005.07.20"]
[Round "1"]
[White "Cinar Corlulu,N"]
[Black "Genova,Li"]
[Result "0-1"]
[WhiteElo "2038"]
[BlackElo "2235"]

1.e4 c5 2.Nf3 e6 3.d4 cxd4 4.Nxd4 a6 5.Nc3 b5 6.Bd3 Qb6 7.Nb3 Qc7 8.O-O d6
9.f4 Nd7 10.a4 b4 11.Ne2 Ngf6 12.Kh1 Bb7 13.Ng3 h5 14.Qf3 h4 15.Ne2 h3 16.Re1 hxg2+
17.Kg1 d5 18.Ng3 dxe4 19.Nxe4 Rc8 20.Bd2 Be7 21.Re2 g5 22.Rxg2 g4 23.Qe2 Rh3
24.a5 Nxe4 25.Bxe4 Bxe4 26.Qxe4 Qxc2 27.Qxc2 Rxc2 28.Rc1 Rxc1+ 29.Nxc1 f5
30.Re2 Bc5+ 31.Kg2 Kf7 32.Be1 Rf3 33.Rd2 Ke8 34.Nd3 Bd6 35.Bg3 Nf6 36.Ne5 Bxe5
37.fxe5 Ne4 38.Rd4 Rb3 39.Bh4 Rxb2+ 40.Kg1 Rb1+ 41.Kg2 b3 42.Rd8+ Kf7 43.Rd7+ Kg6
44.Re7 f4 45.Rxe6+ Kf5 46.Rxa6 f3+  0-1

[Event "Politiken Cup"]
[Site "Copenhagen DEN"]
[Date "2005.07.21"]
[Round "7"]
[White "Fredericia,L"]
[Black "Goriainov,V"]
[Result "1/2-1/2"]
[WhiteElo "2121"]
[BlackElo "2314"]

1.e4 c5 2.Nf3 e6 3.d4 a6 4.Nc3 cxd4 5.Nxd4 Bb4 6.Bd3 Nc6 7.Nxc6 bxc6 8.Bd2 d5
9.exd5 exd5 10.Qe2+ Qe7 11.a3 Bd6 12.O-O Qxe2 13.Nxe2 Be5 14.Rfe1 Be6 15.f4 Bd6
16.f5 Bd7 17.c4 Ne7 18.cxd5 cxd5 19.Rac1 O-O 20.Bf4 Bxf4 21.Nxf4  1/2-1/2

[Event "Politiken Cup"]
[Site "Copenhagen DEN"]
[Date "2005.07.21"]
[Round "7"]
[White "Aabling Thomsen,J"]
[Black "Forsaa,E"]
[Result "1-0"]
[WhiteElo "2208"]
[BlackElo "2040"]

1.e4 c5 2.Nf3 e6 3.Nc3 a6 4.d4 cxd4 5.Nxd4 Qc7 6.Bd3 Nf6 7.O-O b5 8.Re1 d6
9.Bg5 Be7 10.Bxf6 Bxf6 11.Bxb5+ axb5 12.Ndxb5 Qc5 13.Nxd6+ Ke7 14.e5 Bxe5
15.Qf3 Bxc3 16.bxc3 Ra7 17.Rad1 Kf8 18.Re4 Qc6 19.Rc4 Qxf3 20.Rxc8+ Ke7 21.gxf3 Rf8
22.Nf5+ exf5 23.Re1+ Kf6 24.Rxf8 Nd7 25.Rc8 g6 26.f4 Rxa2 27.Rc7  1-0

[Event "ACT Open"]
[Site "Amsterdam NED"]
[Date "2005.07.22"]
[Round "7"]
[White "Van Oosterom,C"]
[Black "Dambacher,M"]
[Result "0-1"]
[WhiteElo "2197"]
[BlackElo "2388"]

1.e4 c5 2.Nf3 e6 3.d4 cxd4 4.Nxd4 a6 5.Nc3 Qc7 6.Bd3 Nf6 7.O-O b5 8.Qe2 d6
9.f4 Nbd7 10.a4 b4 11.Na2 Bb7 12.Kh1 Nc5 13.Nxb4 Nfxe4 14.Nxa6 Rxa6 15.Bb5+ Kd8
16.Bxa6 Bxa6 17.Nb5 Qc6 18.c4 Nb3 19.Ra3 Na5 20.Re3 f5 21.b3 Be7 22.Nd4 Qd7
23.Rxe4 fxe4 24.Qxe4 Bb7 25.Qe1 Nc6 26.Nxe6+ Kc8 27.f5 Ne5 28.a5 g6 29.Nc5 dxc5
30.Qxe5 Rd8 31.a6 Ba8 32.fxg6 hxg6 33.Bg5 Qg4  0-1

[Event "Open A"]
[Site "Pardubice CZE"]
[Date "2005.07.22"]
[Round "1"]
[White "Savchenko,B"]
[Black "Eisenbeiser,A"]
[Result "1-0"]
[WhiteElo "2534"]
[BlackElo "2318"]

1.e4 c5 2.Nf3 e6 3.d4 cxd4 4.Nxd4 a6 5.Nc3 b5 6.Bd3 Qb6 7.Nb3 Qc7 8.O-O Bb7
9.Qe2 Nf6 10.Bg5 Nc6 11.f4 d6 12.Bxf6 gxf6 13.a4 b4 14.Nd1 Ne7 15.Ne3 d5
16.exd5 Nxd5 17.Nxd5 Bxd5 18.Be4 Bxe4 19.Qxe4 Rc8 20.Rf2 Qc4 21.Qb7 Rc7 22.Qa8+ Rc8
23.Qa7 Rc7 24.Qe3 Bc5 25.Nxc5 Qxc5 26.Qe2 Qc4 27.Qg4 Ke7 28.Rd1 Qc5 29.Qe2 Rc6
30.Qd3 Rd6 31.Qxd6+ Qxd6 32.Rxd6 Kxd6 33.Rd2+ Kc6 34.Kf2 e5 35.Ke3 Re8 36.Ke4 Re6
37.g4 Kc7 38.h4 h6 39.fxe5 Rxe5+ 40.Kd4 Ra5 41.Rf2 h5 42.Rf5 Rxa4 43.gxh5 b3+
44.c4 Ra1 45.h6  1-0

[Event "Open A"]
[Site "Pardubice CZE"]
[Date "2005.07.22"]
[Round "1"]
[White "Shanava,K"]
[Black "Meier,V"]
[Result "1-0"]
[WhiteElo "2477"]
[BlackElo "2282"]

1.e4 c5 2.Nf3 e6 3.d4 cxd4 4.Nxd4 a6 5.Nc3 Qc7 6.Bd3 Nc6 7.Be3 Nf6 8.O-O Ne5
9.h3 Bc5 10.f4 Nc6 11.Nf5 Bxe3+ 12.Nxe3 d6 13.Kh1 O-O 14.Qe1 Nd7 15.Ng4 Re8
16.Qg3 Kh8 17.Rae1 b5 18.Re3 Bb7 19.e5 f5 20.exf6 Nxf6 21.Qh4 Nd4 22.Nxf6 gxf6
23.Qxf6+ Qg7 24.Qxg7+ Kxg7 25.Kh2 Rac8 26.Rf2 Rc7 27.Ne4 Nf5 28.Re1 h5 29.Ng3 Nxg3
30.Kxg3 Kf6 31.Kh4 Rg7 32.g4 hxg4 33.hxg4 Rh8+ 34.Kg3 Bd5 35.g5+ Ke7 36.Rh2 Rxh2
37.Kxh2 e5 38.Kg3 Kd7 39.Kg4 exf4 40.Bf5+ Kc6 41.Kxf4  1-0

[Event "Politiken Cup"]
[Site "Copenhagen DEN"]
[Date "2005.07.23"]
[Round "9"]
[White "Bering,A"]
[Black "Laursen,N1"]
[Result "0-1"]
[WhiteElo "2055"]
[BlackElo "2134"]

1.e4 c5 2.Nf3 e6 3.d4 cxd4 4.Nxd4 a6 5.Nc3 Qc7 6.Be2 b5 7.O-O Bb7 8.Bf3 d6
9.Re1 Nd7 10.g3 Ngf6 11.Bg2 Be7 12.f4 b4 13.Na4 O-O 14.Bd2 Nc5 15.Nxc5 dxc5
16.e5 cxd4 17.exf6 Bxf6 18.Be4 Bxe4 19.Rxe4 Rfc8 20.Bxb4 Qb7 21.Qe1 Rxc2  0-1

[Event "Open A"]
[Site "Pardubice CZE"]
[Date "2005.07.23"]
[Round "2"]
[White "Nadig,K"]
[Black "Protaziuk,G"]
[Result "0-1"]
[WhiteElo "2198"]
[BlackElo "2362"]

1.e4 c5 2.Nf3 e6 3.d4 cxd4 4.Nxd4 a6 5.Nc3 b5 6.Bd3 Qb6 7.Nb3 Qc7 8.O-O d6
9.Qe2 Nf6 10.Bd2 Be7 11.a4 bxa4 12.Rxa4 O-O 13.f4 Nc6 14.Rfa1 Rb8 15.Bxa6 Bxa6
16.Rxa6 Nb4 17.Ra7 Rb7 18.Be3 Rfb8 19.Rxb7 Rxb7 20.Ra8+ Rb8 21.Nb5 Qb7 22.Rxb8+ Qxb8
23.c3 Nc6 24.Nd2 Qa8 25.b4 Qa2 26.Qf3 e5 27.h3 Qc2 28.fxe5 Nxe5 29.Qf1 Nxe4
30.Qb1 Qxb1+ 31.Nxb1 f5 32.N1a3 d5 33.Nc2 Bd8 34.Ncd4 g6 35.Ne6 Nc4 36.Bd4 Bb6
37.Kf1 Bxd4 38.Nexd4 Ne3+ 39.Kg1 Kf7 40.Ne2 Ke6 41.Nf4+ Kd7 42.h4 Kc6 43.Nd4+ Kb6
44.Nde2 Kb5 45.Ne6 Kc4 46.Nc7 Nxc3 47.Nxc3 Kxc3 48.b5 d4 49.b6 d3 50.Nb5+ Kb4
51.b7 d2 52.b8=Q d1=Q+ 53.Kf2 Ng4+  0-1

[Event "Open A"]
[Site "Pardubice CZE"]
[Date "2005.07.23"]
[Round "2"]
[White "Bujnoch,R"]
[Black "Yakivchik,M"]
[Result "0-1"]
[WhiteElo "2210"]
[BlackElo "2307"]

1.e4 c5 2.Nf3 e6 3.d4 cxd4 4.Nxd4 a6 5.Nc3 Qc7 6.Be3 Nc6 7.Qd2 Nf6 8.f3 Be7
9.g4 d6 10.O-O-O O-O 11.g5 Nd7 12.h4 Nxd4 13.Bxd4 b5 14.Kb1 b4 15.Na4 Bb7
16.b3 d5 17.g6 Ne5 18.gxf7+ Kh8 19.Qg2 dxe4 20.fxe4 Rad8 21.Qe2 Bf6 22.Bg2 Rxd4
23.Rxd4 Nc6 24.Rc4 Qe5 25.c3 bxc3 26.Nxc3 Nd4 27.Qe3 Nb5 28.Kb2 Nxc3 29.Rxc3 Rc8
30.Rc1 a5 31.Bf1 Rxc3 32.Rxc3 Bxe4 33.a3 Qh2+ 34.Be2 Qh1 35.Bd1 Qxd1 36.Qxe4 Qd2+  0-1

[Event "Politiken Cup"]
[Site "Copenhagen DEN"]
[Date "2005.07.24"]
[Round "10"]
[White "Pallesen,J"]
[Black "Joensson,K"]
[Result "1-0"]
[WhiteElo "2024"]
[BlackElo "2124"]

1.e4 c5 2.Nf3 e6 3.d4 cxd4 4.Nxd4 a6 5.Nc3 Qc7 6.Be3 Nc6 7.Bd3 Nf6 8.O-O b5
9.f4 Bc5 10.Nf5 Qb6 11.Nxg7+ Kf8 12.Nxe6+ dxe6 13.Bxc5+ Qxc5+ 14.Kh1 Rg8
15.h3 Bb7 16.Kh2 Rd8 17.Qe1 Qh5 18.Rd1 Kg7 19.Be2 Rxd1 20.Bxd1 Qc5 21.e5 Ne8
22.Ne4 Qd5 23.Bf3 Nd4 24.Qh4 Nxf3+ 25.gxf3 Kf8 26.Rf2 Qd1 27.Ng5 Rg7 28.Nxh7+ Kg8
29.Ng5 f6 30.exf6 Nxf6 31.Qh6 Bd5 32.Qxf6 Bxf3 33.Qxe6+ Kf8 34.Rxf3  1-0

[Event "Open A"]
[Site "Pardubice CZE"]
[Date "2005.07.24"]
[Round "3"]
[White "Vavra,P1"]
[Black "Burtasova,A"]
[Result "1-0"]
[WhiteElo "2346"]
[BlackElo "2239"]

1.e4 c5 2.Nf3 e6 3.d4 cxd4 4.Nxd4 a6 5.Nc3 b5 6.Bd3 d6 7.O-O Nf6 8.f4 Bb7
9.Kh1 Nbd7 10.a4 b4 11.Na2 Nxe4 12.Nxb4 Qb6 13.c3 Be7 14.Be3 Ndc5 15.f5 e5
16.f6 exd4 17.fxg7 Rg8 18.Bxd4 d5 19.Be2 O-O-O 20.Rxf7 Bf6 21.a5 Qd6 22.Qf1 Bxd4
23.cxd4 Qh6 24.Ra3 Nd7 25.Nxa6 Bxa6 26.Bxa6+ Kc7 27.Rb3 Rb8 28.Qf5 Qc6 29.Qe5+ Qd6
30.Bb5 Qxe5 31.Rxd7+ Kc8 32.dxe5 Rxb5 33.Rf7 Rxb3 34.Rf8+ Kd7 35.Rxg8 Rxb2
36.h3 Ng3+ 37.Kh2 Nf5 38.e6+ Kc7 39.Rc8+  1-0

[Event "Open A"]
[Site "Pardubice CZE"]
[Date "2005.07.24"]
[Round "3"]
[White "Zinchenko,Ya"]
[Black "Sakovich,I"]
[Result "1/2-1/2"]
[WhiteElo "2493"]
[BlackElo "2248"]

1.e4 c5 2.Nf3 e6 3.d4 cxd4 4.Nxd4 a6 5.Nc3 Qc7 6.Bd3 Nc6 7.Nxc6 dxc6 8.O-O e5
9.f4 Bc5+ 10.Kh1 Nf6 11.f5 h5 12.Qf3 Ng4 13.a4 a5 14.Nd1 Qb6 15.b3 Bd7 16.Bc4 f6
17.h3 O-O-O 18.g3 Be8 19.Kg2 Nh6 20.Nb2 Nf7 21.Be6+ Kb8 22.Nc4 Qc7 23.Bd2 b6
24.Be3 Bxe3 25.Qxe3 c5 26.Rfd1 Nd6 27.Qd3 Nb7 28.Bd5 g6 29.Ne3 Nd6 30.Qa6 Qa7
31.Qxa7+ Kxa7 32.Rd3 gxf5 33.exf5 Kb8 34.Rad1 Kc7 35.g4 hxg4 36.hxg4 Nc8
37.Be4 Rxd3 38.Rxd3 Bf7 39.Bd5 Be8 40.Kg3 Ne7 41.g5 fxg5 42.Kg4 Rh4+ 43.Kxg5 Rd4
44.Kf6 Rxd3 45.cxd3 Kd6 46.Bb7 b5 47.Ba6 c4 48.bxc4 bxa4 49.c5+ Kxc5 50.Kxe7 a3
51.Kxe8 a2 52.f6 a1=Q 53.f7 Qa4+ 54.Ke7 Qh4+ 55.Ke8 Qa4+ 56.Ke7 Qh4+  1/2-1/2

[Event "Open A"]
[Site "Pardubice CZE"]
[Date "2005.07.25"]
[Round "4"]
[White "Majer,J"]
[Black "Luch,M"]
[Result "0-1"]
[WhiteElo "2292"]
[BlackElo "2414"]

1.e4 c5 2.Nf3 e6 3.d4 cxd4 4.Nxd4 a6 5.Nc3 b5 6.a3 Bb7 7.Bd3 Qb6 8.Nb3 d6
9.Be3 Qc7 10.O-O Nd7 11.Qd2 Ngf6 12.h3 Nc5 13.f3 Be7 14.Rfd1 O-O 15.Nd4 Rfd8
16.Qf2 Nxd3 17.Rxd3 Nd7 18.Nce2 Ne5 19.Rc3 Qd7 20.Rd1 Nc4 21.Bc1 d5 22.exd5 Bxd5
23.Rcd3 Ne5 24.Re3 Nc4 25.Red3 Qa7 26.b3 Ne5 27.Re3 Ng6 28.Red3 Bh4 29.g3 Bf6
30.Be3 Qe7 31.Nc3 Bb7 32.Ne4 Bxe4 33.fxe4 Ne5 34.R3d2 Qxa3 35.Bf4 Qc5 36.b4 Qxb4
37.Bxe5 Bxe5 38.Nc6 Rxd2 39.Rxd2 Qxe4 40.Ne7+ Kh8  0-1

[Event "Open A"]
[Site "Pardubice CZE"]
[Date "2005.07.25"]
[Round "4"]
[White "Liwak,P"]
[Black "Bernasek,J"]
[Result "0-1"]
[WhiteElo "2340"]
[BlackElo "2458"]

1.e4 c5 2.Nf3 e6 3.d4 cxd4 4.Nxd4 a6 5.Nc3 b5 6.Bd3 d6 7.O-O Nf6 8.Qe2 Be7
9.a4 b4 10.Na2 e5 11.Nf3 Nc6 12.h3 O-O 13.Bd2 Qb6 14.c3 bxc3 15.Nxc3 a5 16.Nb5 Nb4
17.Bxb4 axb4 18.Nd2 Bb7 19.Nc4 Qd8 20.Rfd1 g6 21.Bc2 b3 22.Bxb3 Nxe4 23.Bc2 Ng5
24.Nbxd6 Bxd6 25.Nxd6 Bf3 26.Qxe5 Bxd1 27.Rxd1 Ra5 28.Qc3 Qa8 29.h4 Ne6 30.b4 Rh5
31.Bb3 Nf4 32.Qf3 Qxf3 33.gxf3 Rxh4 34.b5 Ne2+ 35.Kg2 Rb4 36.Bc4 Nc3 37.Rd4 Rxa4
38.b6 Kg7 39.Rd3 Ne2 40.Re3 Nf4+ 41.Kg3 Nh5+ 42.Kh2 Rb4 43.Bb5 Rxb5 44.Nxb5 Rb8
45.Re7 Rxb6 46.Nc3 Rb3 47.Rc7 Nf4 48.Rc4 Ne6 49.Kg3 h5 50.Nd5 Ng5 51.Ne3 Rb1
52.Kg2 Ne6 53.f4 Rb5 54.Kg3 Kh6 55.Ra4 Kg7 56.Rc4 Kf6 57.Ra4 Rb3 58.Rc4 Ra3
59.Rc6 Rb3 60.Ra6 Rc3 61.Rb6 Kg7 62.Rb5 Ra3 63.Rd5 Ra4 64.Ng2 Nd4 65.Rc5 Nf5+
66.Kf3 Rb4 67.Ra5 Rc4 68.Rd5 Kf6 69.Ra5 Nd4+ 70.Ke3 Ne6 71.Kf3 Rc6 72.Ne3  0-1

[Event "Open A"]
[Site "Pardubice CZE"]
[Date "2005.07.26"]
[Round "5"]
[White "Doukhine,I"]
[Black "Jaracz,P"]
[Result "0-1"]
[WhiteElo "2381"]
[BlackElo "2515"]

1.e4 c5 2.Nf3 e6 3.d4 cxd4 4.Nxd4 a6 5.Nc3 d6 6.f4 b5 7.Bd3 Bb7 8.Qf3 Nd7
9.O-O Ngf6 10.a3 g6 11.Be3 Bg7 12.Rae1 e5 13.Nb3 exf4 14.Bxf4 O-O 15.Kh1 Ne5
16.Qf2 Nh5 17.Be2 Nxf4 18.Qxf4 Rc8 19.Nd2 Qb6 20.Bd1 Nc4 21.Nxc4 Rxc4 22.Be2 Rc7
23.Bd3 Qc5 24.Nd1 Re7 25.c3 Rfe8 26.Re3 d5 27.e5 Qc7 28.Nf2 Bxe5 29.Qh4 h5
30.Nh3 Qd6 31.Ng5 d4 32.cxd4 Qxd4 33.Qf2 Bg7 34.Rfe1 Bd5  0-1

[Event "Open A"]
[Site "Pardubice CZE"]
[Date "2005.07.26"]
[Round "5"]
[White "Kubikova,A"]
[Black "Burtasova,A"]
[Result "1/2-1/2"]
[WhiteElo "2084"]
[BlackElo "2239"]

1.e4 c5 2.Nf3 e6 3.d4 cxd4 4.Nxd4 a6 5.Nc3 b5 6.Bd3 d6 7.O-O Nf6 8.Qe2 Be7
9.a4 b4 10.Na2 e5 11.Nf5 Bxf5 12.exf5 Qb6 13.Bg5 Nc6 14.Bxf6 Bxf6 15.Qe4 O-O
16.c3 a5 17.Bb5 Ne7 18.cxb4 d5 19.Qe3 Qd6 20.bxa5 Nxf5 21.Qb6 Rfb8 22.Qxd6 Nxd6
23.Nc3 d4 24.Nd5 Bd8 25.Rfc1 Nxb5 26.axb5 Rxb5 27.Nc7 Bxc7 28.Rxc7 g6 29.a6 Rxb2
30.a7 d3 31.Kf1 Kg7 32.Rd7 e4 33.Re7 Rb4 34.f3 exf3 35.gxf3 Rb2 36.Kg1 d2
37.Rd7 Re8 38.Rxd2 Rxd2 39.a8=Q Rxa8 40.Rxa8 Kf6 41.Ra6+ Kg7 42.Ra7 h5 43.Rb7 Kf6
44.Ra7 g5 45.h3 Kg6 46.Rb7 f6 47.Rb5 h4 48.Ra5 Re2 49.Rb5 Re5 50.Rb4 Kf5
51.Ra4 Rd5 52.Re4 Rd2 53.Rb4 Ke5 54.Re4+ Kd5 55.Re8 Rc2 56.Re7 Kd4 57.Re4+ Kd3
58.Re6 f5 59.Re5 f4 60.Re4 Re2 61.Ra4 Re5 62.Kg2 Rc5 63.Re4 Rc2+ 64.Kg1 Kd2
65.Re5 Kd1 66.Re4 Rc3 67.Kg2 Re3 68.Ra4 Re2+ 69.Kg1 Rd2 70.Re4 Rd3 71.Kg2 Kd2
72.Re5 Re3 73.Ra5 Re2+ 74.Kg1 Re1+  1/2-1/2

[Event "Open Dutch Championship"]
[Site "Dieren NED"]
[Date "2005.07.27"]
[Round "2"]
[White "Brandenburg,D"]
[Black "Iordachescu,V"]
[Result "0-1"]
[WhiteElo "2371"]
[BlackElo "2606"]

1.e4 c5 2.Nf3 e6 3.d4 cxd4 4.Nxd4 a6 5.Nc3 b5 6.Bd3 Bc5 7.Nb3 Bb6 8.Bf4 Nc6
9.Qe2 d6 10.O-O-O e5 11.Be3 Nge7 12.Nd5 Bxe3+ 13.Qxe3 O-O 14.Kb1 Bb7 15.c4 bxc4
16.Bxc4 a5 17.Nc3 Qb8 18.Nb5 a4 19.Nc1 Nc8 20.Ne2 Na5 21.Bd3 Bc6 22.Nec3 Nb6
23.Qe2 Rc8 24.Na3 Bd7 25.Rc1 Be6 26.Rhd1 Nc6 27.Ncb5 g6 28.Qd2 d5 29.f3 Nc4
30.Bxc4 dxc4 31.Qe3 Nb4 32.Nd6 c3 33.Rxc3 Bxa2+ 34.Ka1 Rd8 35.Qc5 Ra6 36.Nab5 Bb3
37.Rd2 Nc6 38.Nc4 Rxd2 39.Nxd2 Be6 40.Nc4 Na5 41.Nc7 Nb3+ 42.Rxb3 Qxb3 43.Nxe6 Rxe6
44.Nxe5 a3 45.Nc4 axb2+ 46.Nxb2 Rb6 47.Qd4 Ra6+ 48.Kb1 Qa2+ 49.Kc2 Rc6+ 50.Kd2 Qa5+
51.Ke3 Qe1+ 52.Kf4 Qh4+ 53.Ke3 Rc2 54.Nd3 Rxg2 55.Qd7 Qxh2 56.Qe8+ Kg7 57.Ne5 Qg1+  0-1

[Event "Open A"]
[Site "Pardubice CZE"]
[Date "2005.07.27"]
[Round "6"]
[White "Sprenger,J"]
[Black "Luch,M"]
[Result "1-0"]
[WhiteElo "2508"]
[BlackElo "2414"]

1.e4 c5 2.Nf3 e6 3.d4 cxd4 4.Nxd4 a6 5.Nc3 Qc7 6.Bd3 Nc6 7.Nxc6 dxc6 8.O-O e5
9.f4 Bc5+ 10.Kh1 Nf6 11.a4 Ng4 12.Qf3 Qe7 13.f5 Qh4 14.h3 Nf2+ 15.Kh2 h5
16.Nd1 Nxd1 17.Qxd1 Qe7 18.c3 a5 19.Bc4 Bd7 20.Qb3 Rb8 21.f6 gxf6 22.Bg5 fxg5
23.Rxf7 Qxf7 24.Bxf7+ Ke7 25.Rf1 h4 26.Bg8 Kd6 27.Rd1+ Kc7 28.Rxd7+ Kxd7
29.Qf7+ Kc8 30.Qg7 Rxg8 31.Qxg8+ Kc7 32.Qxg5 Bf2 33.Qxe5+ Kc8 34.Qf5+  1-0